00854cam a2200253 i 45000010005000000030008000050050017000130080041000300200017000710350018000880400032001060410008001380820023001461000032001692450083002012600034002843000024003185040020003425040030003626500042003929420012004349990015004469520139004613748BD-RjUL20211208233758.0131221s1975 enk b 000 0 eng  a0902818953 : a(BD-RjUL)3782 aDLCcDLCdDLCdBD-RjULbeng aeng00a335.4383bSHM 19751 aShaw, Martin,d1947-91190210aMarxism and social science :bthe roots of social knowledge /cby Martin Shaw. aLondon :bPluto Press,c1975. ax, 140 p. ;c20 cm. aIncludes Index. aBibliography: p. 123-133. 0aCommunism and social sciences.911903 2ddccBK c3748d3748 00102ddc40718NFICaRUCLbRUCLcReadingd1980-03-22eHeffers.g1.80l0o335.4383 SHM 1975r2013-12-21 00:00:00tC-1w2021-12-08yBK